[Event "Open Marianske Lazne 2018 - D"]
[Site "Marianske Lazne (CZE)"]
[Date "2018.01.22"]
[Round "3"]
[White "Kalveus, Jan"]
[Black "Kozak, Milos"]
[Result "1/2-1/2"]
[WhiteElo "1826"]
[BlackElo "2111"]
[PlyCount "44"]
[EventDate "2018.01.20"]

1. d4 d5 2. Nf3 Nf6 3. c4 c6 4. Nc3 e6 5. e3 Nbd7 6. Bd3 dxc4 7. Bxc4 b5 8. Bd3
Bd6 9. O-O O-O 10. Qc2 Bb7 11. Rd1 Qb8 12. e4 e5 13. d5 b4 14. dxc6 Bxc6 15.
Nd5 Bxd5 16. exd5 Rc8 17. Qb1 Re8 18. Ng5 e4 19. Nxe4 Bxh2+ 20. Kf1 Nxe4 21.
Bxe4 Nf6 22. Bf3 Bd6 1/2-1/2

[Event "Open Marianske Lazne 2018 - D"]
[Site "Marianske Lazne (CZE)"]
[Date "2018.01.22"]
[Round "3"]
[White "Husak, Antonin"]
[Black "Simkin, Alexander"]
[Result "1-0"]
[WhiteElo "1879"]
[BlackElo "1749"]
[PlyCount "69"]
[EventDate "2018.01.20"]

1. Nf3 d5 2. d4 Nf6 3. e3 c6 4. b3 Bf5 5. Bb2 e6 6. Nbd2 Nbd7 7. Rc1 Bd6 8. Ne5
O-O 9. Be2 Re8 10. O-O Nf8 11. c4 N6d7 12. f4 Nf6 13. g4 Be4 14. g5 N6d7 15.
Nxe4 dxe4 16. Qc2 f5 17. gxf6 Nxf6 18. Kh1 Re7 19. Rg1 Rc8 20. Rg3 Qe8 21. c5
Bb8 22. Rcg1 Rcc7 23. Bd1 Qd8 24. Qg2 Qd5 25. Be2 g6 26. Bc4 Qd8 27. f5 Nd5 28.
fxg6 hxg6 29. Qxe4 Rg7 30. Nxg6 Rcf7 31. Ne5 Rxg3 32. Rxg3+ Rg7 33. Rxg7+ Kxg7
34. Qg4+ Kh6 35. Nf7+ 1-0

[Event "Open Marianske Lazne 2018 - D"]
[Site "Marianske Lazne (CZE)"]
[Date "2018.01.22"]
[Round "3"]
[White "Kapolka, Stefan"]
[Black "Tomanek, Karel"]
[Result "0-1"]
[WhiteElo "1462"]
[BlackElo "1371"]
[PlyCount "112"]
[EventDate "2018.01.20"]

1. d4 Nf6 2. c4 d5 3. Nc3 c6 4. Nf3 h6 5. e3 Bg4 6. cxd5 cxd5 7. Be2 e6 8. O-O
a6 9. Ne5 Bxe2 10. Qxe2 Bd6 11. f4 Nbd7 12. a3 O-O 13. Bd2 Ne4 14. Nxe4 dxe4
15. Rac1 Qe8 16. g3 f6 17. Nc4 Be7 18. Bc3 b5 19. Nd2 f5 20. b4 Nb6 21. Bb2 Nd5
22. Nb3 Rf6 23. Nc5 Rg6 24. Rfe1 h5 25. Kh1 Rh6 26. Rg1 Kf7 27. Rc2 Ra7 28. Bc1
Nf6 29. h3 Qh8 30. Rg2 Nd5 31. Nb3 Rc7 32. Rxc7 Nxc7 33. Nc5 Qc8 34. Qd1 g6 35.
Rc2 Bd6 36. Nb3 Qa8 37. Na5 Qe8 38. Nc6 Nd5 39. Ne5+ Bxe5 40. dxe5 Rh8 41. Rc5
Qb8 42. Qc2 Re8 43. Rc6 Qa7 44. Rc5 Re7 45. Bd2 Rc7 46. Rxc7+ Qxc7 47. Qc5 Qxc5
48. bxc5 Ke7 49. c6 Kd8 50. Ba5+ Kc8 51. Kg1 Nxe3 52. Kf2 Nc2 53. Bb4 Nxb4 54.
axb4 Kc7 55. Ke3 Kxc6 56. Kd4 Kb6 0-1

[Event "Open Marianske Lazne 2018 - C"]
[Site "Marianske Lazne (CZE)"]
[Date "2018.01.23"]
[Round "4"]
[White "Grela, Kacper"]
[Black "Molnar, Bela"]
[Result "1/2-1/2"]
[WhiteElo "2294"]
[BlackElo "2278"]
[PlyCount "59"]
[EventDate "2018.01.20"]

1. e4 c5 2. Nf3 Nc6 3. d4 cxd4 4. Nxd4 e5 5. Nb5 d6 6. N1c3 a6 7. Na3 Be7 8.
Nc4 b5 9. Ne3 Nf6 10. Ned5 Be6 11. Be3 O-O 12. a4 b4 13. Nxf6+ Bxf6 14. Nd5 Nd4
15. Bd3 Bxd5 16. exd5 g6 17. O-O Re8 18. f3 Qc8 19. Rc1 Qb7 20. g4 b3 21. c3
Nc2 22. Bxc2 bxc2 23. Rxc2 a5 24. b4 axb4 25. Rb2 Ra5 26. cxb4 Rxd5 27. Rd2
Rxd2 28. Qxd2 d5 29. Bc5 Qc6 30. a5 1/2-1/2

[Event "Open Marianske Lazne 2018 - C"]
[Site "Marianske Lazne (CZE)"]
[Date "2018.01.23"]
[Round "4"]
[White "Kolbus, Dietmar"]
[Black "Chekletsov, Egor"]
[Result "1-0"]
[WhiteElo "2322"]
[BlackElo "2039"]
[PlyCount "123"]
[EventDate "2018.01.20"]

1. c4 Nf6 2. Nc3 e6 3. e4 c5 4. e5 Ng8 5. d4 cxd4 6. Qxd4 Nc6 7. Qe4 d6 8. Nf3
dxe5 9. Nxe5 Nxe5 10. Qxe5 Nf6 11. Be2 Be7 12. O-O O-O 13. Rd1 Bd7 14. Be3 Qc8
15. Nb5 Bxb5 16. Qxb5 a6 17. Qa5 Nd7 18. Rd2 Nb8 19. Rad1 Nc6 20. Qa4 Rd8 21.
Bb6 Rxd2 22. Rxd2 Qe8 23. Qd1 Ne5 24. Bc7 Ng6 25. b3 Rc8 26. Bg3 Bc5 27. Rd7 b6
28. Bh5 a5 29. Bxg6 hxg6 30. Bc7 Kh7 31. Kf1 e5 32. Qd5 f6 33. a4 e4 34. Ke2
Qg8 35. Qxg8+ Kxg8 36. Bd6 Bd4 37. Bf4 Bc5 38. Be3 Rb8 39. h4 f5 40. Bd4 Bxd4
41. Rxd4 Kh7 42. Ke3 Kh6 43. Kf4 Re8 44. Rd6 Rb8 45. Rd5 Kh5 46. g4+ Kxh4 47.
gxf5 gxf5 48. Rxf5 Re8 49. Ke3 Re6 50. Rf4+ Kg5 51. Rxe4 Rd6 52. Re5+ Kf6 53.
Rb5 Kf7 54. c5 bxc5 55. Rxa5 Rc6 56. Kd3 Ke6 57. Kc4 Kd6 58. Ra7 g6 59. a5 Ke5
60. Re7+ Kd6 61. Rb7 Ke5 62. Rb6 1-0

[Event "Open Marianske Lazne 2018 - C"]
[Site "Marianske Lazne (CZE)"]
[Date "2018.01.23"]
[Round "4"]
[White "Kolasinski, Krzysztof"]
[Black "Neckar, Lubomir"]
[Result "1/2-1/2"]
[WhiteElo "2053"]
[BlackElo "2293"]
[PlyCount "47"]
[EventDate "2018.01.20"]

1. d4 Nf6 2. c4 e6 3. Nc3 Bb4 4. e3 O-O 5. a3 Bxc3+ 6. bxc3 c5 7. Bd3 Nc6 8.
Ne2 d6 9. O-O e5 10. f3 Nd7 11. f4 Nb6 12. Ng3 cxd4 13. cxd4 exd4 14. exd4 d5
15. c5 Nc4 16. Bxc4 dxc4 17. d5 Na5 18. Be3 Nb3 19. Ra2 Re8 20. Bf2 Qa5 21. Rc2
Nxc5 22. Rxc4 b6 23. Bxc5 bxc5 24. f5 1/2-1/2

[Event "Open Marianske Lazne 2018 - C"]
[Site "Marianske Lazne (CZE)"]
[Date "2018.01.23"]
[Round "4"]
[White "Certek, Pavel"]
[Black "Ochedzan, Tymon"]
[Result "1-0"]
[WhiteElo "2286"]
[BlackElo "1796"]
[PlyCount "145"]
[EventDate "2018.01.20"]

1. d4 Nf6 2. Nf3 g6 3. g3 Bg7 4. Bg2 O-O 5. O-O c5 6. c3 d6 7. dxc5 dxc5 8. Be3
Qc7 9. Na3 Rd8 10. Qc1 Be6 11. Bh6 Nc6 12. Bxg7 Kxg7 13. Ng5 Bg4 14. Re1 h6 15.
Ne4 Nxe4 16. Bxe4 Qe5 17. Bg2 Be6 18. f4 Qc7 19. Nc2 Na5 20. Ne3 Rd7 21. c4 Nc6
22. Qc3+ Nd4 23. Nd5 Bxd5 24. cxd5 Kh7 25. Rac1 b6 26. Qxd4 cxd4 27. Rxc7 Rxc7
28. d6 Rcc8 29. d7 Rd8 30. Bxa8 Rxa8 31. Rc1 Rd8 32. Rc7 a5 33. Kf2 Kg7 34. Kf3
f5 35. Rb7 Kf7 36. Kf2 e6 37. Ke1 Ke7 38. Kd2 Rxd7 39. Rxb6 Rd5 40. Kd3 g5 41.
a4 e5 42. fxe5 Rxe5 43. Rb5 Re3+ 44. Kd2 Ke6 45. Rxa5 f4 46. gxf4 gxf4 47. Ra6+
Kd5 48. Rxh6 Rb3 49. Rh5+ Ke4 50. Rb5 Rh3 51. a5 Rxh2 52. Rb3 Rh6 53. Rb6 Rh5
54. b4 d3 55. exd3+ Kd4 56. Rd6+ Ke5 57. Rd8 Rh2+ 58. Kc3 f3 59. Rf8 f2 60. b5
Kd6 61. a6 f1=Q 62. Rxf1 Rh8 63. Rf6+ Kc7 64. Rc6+ Kb8 65. b6 Ka8 66. b7+ Kb8
67. Kc4 Rd8 68. d4 Re8 69. Kc5 Ka7 70. Rc8 Rxc8+ 71. bxc8=B Kb8 72. Kb6 Kxc8
73. a7 1-0

[Event "Open Marianske Lazne 2018 - C"]
[Site "Marianske Lazne (CZE)"]
[Date "2018.01.23"]
[Round "4"]
[White "Patil, Mitali Madhukar"]
[Black "Laszczak, Przemyslaw"]
[Result "0-1"]
[WhiteElo "2048"]
[BlackElo "2100"]
[PlyCount "62"]
[EventDate "2018.01.20"]

1. d4 d5 2. Nf3 c5 3. e3 Nc6 4. b3 Bg4 5. Nbd2 e6 6. Bb2 Nf6 7. Be2 cxd4 8.
exd4 Qc7 9. O-O Bd6 10. Rc1 O-O 11. Ne5 Bxe2 12. Qxe2 Nb4 13. a3 Na2 14. Ra1
Nc3 15. Qd3 Rac8 16. f4 Nfe4 17. Rac1 f6 18. Ng4 Bxf4 19. Bxc3 Nxc3 20. g3 Bxd2
21. Qxd2 Ne4 22. Qe2 Qc3 23. Rfd1 Qb2 24. Qg2 Rc3 25. a4 Rfc8 26. Re1 Rxc2 27.
Rxc2 Rxc2 28. Qh3 Qxd4+ 29. Ne3 Ng5 30. Qh5 g6 31. Qd1 Nh3+ 0-1

[Event "Open Marianske Lazne 2018 - C"]
[Site "Marianske Lazne (CZE)"]
[Date "2018.01.23"]
[Round "4"]
[White "Choroszej, Aleksander"]
[Black "Strzelecki, Jerzy"]
[Result "1/2-1/2"]
[WhiteElo "2073"]
[BlackElo "2009"]
[PlyCount "24"]
[EventDate "2018.01.20"]

1. d4 Nf6 2. c4 c5 3. d5 b5 4. cxb5 a6 5. b6 d6 6. Nc3 Nbd7 7. a4 Qxb6 8. a5
Qa7 9. e4 g6 10. Be2 Bg7 11. Nf3 O-O 12. O-O Rb8 1/2-1/2

[Event "Open Marianske Lazne 2018 - C"]
[Site "Marianske Lazne (CZE)"]
[Date "2018.01.23"]
[Round "4"]
[White "Simet, Martin"]
[Black "Ruffenach, Alain"]
[Result "0-1"]
[WhiteElo "2170"]
[BlackElo "1931"]
[PlyCount "38"]
[EventDate "2018.01.20"]

1. d4 c5 2. d5 e5 3. e4 d6 4. Nc3 a6 5. a4 Nf6 6. Be2 g6 7. Be3 Qa5 8. f3 Bg7
9. Qd2 b5 10. Nb1 b4 11. Bh6 O-O 12. g4 Nbd7 13. Qg5 Qc7 14. Nd2 a5 15. Nc4 Ba6
16. Ne3 c4 17. Nh3 c3 18. b3 Nxe4 19. fxe4 Bf6 0-1

[Event "Open Marianske Lazne 2018 - C"]
[Site "Marianske Lazne (CZE)"]
[Date "2018.01.23"]
[Round "4"]
[White "Tatarintsev, Egor"]
[Black "Stojkovic, Andreja"]
[Result "1-0"]
[WhiteElo "2100"]
[BlackElo "1921"]
[PlyCount "43"]
[EventDate "2018.01.20"]

1. d4 f5 2. c4 Nf6 3. Nc3 e6 4. e3 c6 5. Bd3 d5 6. Nge2 Bd6 7. O-O g5 8. f3 g4
9. e4 gxf3 10. e5 fxe2 11. Qxe2 O-O 12. exd6 dxc4 13. Bxc4 Qxd6 14. Rxf5 Nd5
15. Ne4 Qd8 16. Bg5 exf5 17. Bxd8 Rxd8 18. Bxd5+ cxd5 19. Nf6+ Kf7 20. Qh5+ Ke6
21. Re1+ Kd6 22. Ne8+ 1-0

[Event "Open Marianske Lazne 2018 - C"]
[Site "Marianske Lazne (CZE)"]
[Date "2018.01.23"]
[Round "4"]
[White "Korpalski, Maciej"]
[Black "Bartsch, Winfried"]
[Result "1-0"]
[WhiteElo "2022"]
[BlackElo "1792"]
[PlyCount "67"]
[EventDate "2018.01.20"]

1. e4 e5 2. Nf3 Nc6 3. Bb5 a6 4. Ba4 Nf6 5. O-O b5 6. Bb3 Bc5 7. Re1 d6 8. a4
Bg4 9. c3 O-O 10. h3 Bh5 11. d3 h6 12. Be3 Bxe3 13. Rxe3 Qd7 14. Nbd2 Rae8 15.
Qe1 Bxf3 16. Nxf3 Nh5 17. axb5 axb5 18. d4 exd4 19. cxd4 Ra8 20. Rc1 Ra7 21. e5
dxe5 22. dxe5 Nf4 23. e6 fxe6 24. Rxc6 Kh8 25. Rcxe6 Nxe6 26. Rxe6 Rfa8 27. Qe5
Ra6 28. Re7 Ra1+ 29. Ne1 Rxe1+ 30. Qxe1 Ra1 31. Qxa1 Qxe7 32. Qa8+ Kh7 33. Qg8+
Kg6 34. Qe6+ 1-0

[Event "Open Marianske Lazne 2018 - C"]
[Site "Marianske Lazne (CZE)"]
[Date "2018.01.23"]
[Round "4"]
[White "Kalinowska, Zuzanna"]
[Black "Bednarczyk, Mateusz"]
[Result "1-0"]
[WhiteElo "1980"]
[BlackElo "1264"]
[PlyCount "73"]
[EventDate "2018.01.20"]

1. d4 Nf6 2. Nf3 g6 3. c4 Bg7 4. Nc3 d6 5. e4 O-O 6. h3 e5 7. d5 a5 8. Be3 Na6
9. Nd2 Nd7 10. g4 Nac5 11. h4 h6 12. Qf3 c6 13. Qg3 Qe7 14. Be2 Re8 15. b3 Na6
16. a3 Nc7 17. O-O cxd5 18. cxd5 Nf8 19. Rfc1 Bd7 20. Bb6 Rec8 21. a4 Bf6 22.
Nf3 Na6 23. Be3 Nc5 24. Rab1 Bg7 25. Nd2 Nh7 26. Nc4 Rc7 27. f3 Ra7 28. Nb6 Be8
29. Bb5 Bxb5 30. Nxb5 Ra6 31. Nxc7 Rxb6 32. Nb5 Bf6 33. Bf2 Ra6 34. Rc3 Nf8 35.
Nxd6 Qxd6 36. Bxc5 Qd7 37. Be3 1-0

[Event "Open Marianske Lazne 2018 - D"]
[Site "Marianske Lazne (CZE)"]
[Date "2018.01.23"]
[Round "4"]
[White "Baum, Bernd"]
[Black "Schneider, Alexander"]
[Result "1-0"]
[WhiteElo "2314"]
[BlackElo "2088"]
[PlyCount "81"]
[EventDate "2018.01.20"]

1. Nf3 c5 2. c4 g6 3. d4 cxd4 4. Nxd4 Bg7 5. e4 Nc6 6. Be3 Nf6 7. Nc3 d6 8. Be2
O-O 9. O-O Bd7 10. Nc2 Rc8 11. Qd2 b6 12. f3 Ne5 13. b3 Ne8 14. Rac1 f5 15.
exf5 gxf5 16. Rfe1 Kh8 17. Nd4 Ng6 18. Bf1 f4 19. Bf2 Nc7 20. Nd5 Be5 21. Bd3
e6 22. Nb4 Ne8 23. Bxg6 hxg6 24. Nd3 Qg5 25. Qe2 Bxd4 26. Bxd4+ e5 27. Bb2 Bc6
28. Qf2 Ng7 29. Rcd1 Nf5 30. Nb4 Kh7 31. Nxc6 Rxc6 32. Rd3 Qf6 33. Red1 Rd8 34.
Qe2 Re8 35. Qe4 Rc7 36. Qxf4 Qe6 37. Qg4 Kg8 38. Ba3 Rd7 39. Qe4 Rh7 40. Bxd6
Rd7 41. Ba3 1-0

[Event "Open Marianske Lazne 2018 - D"]
[Site "Marianske Lazne (CZE)"]
[Date "2018.01.23"]
[Round "4"]
[White "Malinovsky, Petr"]
[Black "Stigar, Petter"]
[Result "1/2-1/2"]
[WhiteElo "2001"]
[BlackElo "2211"]
[PlyCount "25"]
[EventDate "2018.01.20"]

1. d4 Nf6 2. c4 e6 3. Nc3 Bb4 4. Bg5 c5 5. d5 d6 6. e3 exd5 7. cxd5 Nbd7 8.
Nge2 h6 9. Bh4 Ne5 10. a3 Ba5 11. Bxf6 Bxc3+ 12. Nxc3 Qxf6 13. Bb5+ 1/2-1/2

[Event "Open Marianske Lazne 2018 - D"]
[Site "Marianske Lazne (CZE)"]
[Date "2018.01.23"]
[Round "4"]
[White "Simecek, Jan"]
[Black "Monin, Nikolay"]
[Result "1-0"]
[WhiteElo "1816"]
[BlackElo "2193"]
[PlyCount "43"]
[EventDate "2018.01.20"]

1. d4 e6 2. c4 d5 3. Nc3 c6 4. cxd5 exd5 5. Bf4 Nf6 6. e3 Qb6 7. Qd2 Bf5 8.
Nge2 Nbd7 9. Rc1 Be7 10. Na4 Qb4 11. Qxb4 Bxb4+ 12. Nac3 a5 13. f3 h5 14. a3
Be7 15. Ng3 Bg6 16. e4 h4 17. Nf5 dxe4 18. fxe4 Nxe4 19. Nxe4 Bxf5 20. Nd6+
Bxd6 21. Bxd6 O-O-O 22. Rxc6+ 1-0

[Event "Open Marianske Lazne 2018 - D"]
[Site "Marianske Lazne (CZE)"]
[Date "2018.01.23"]
[Round "4"]
[White "Kozak, Milos"]
[Black "Panos, Jan"]
[Result "1-0"]
[WhiteElo "2111"]
[BlackElo "1820"]
[PlyCount "47"]
[EventDate "2018.01.20"]

1. Nf3 Nf6 2. c4 c5 3. Nc3 Nc6 4. e3 e5 5. d4 cxd4 6. exd4 exd4 7. Nxd4 Bc5 8.
Ndb5 O-O 9. Be2 a6 10. Nd6 Qe7 11. Nxc8 Raxc8 12. O-O Nd4 13. Bd3 Rc6 14. Bg5
Qe5 15. Qd2 Bd6 16. f4 Qa5 17. Bxf6 gxf6 18. Kh1 f5 19. Qf2 Bc5 20. Nd5 Rg6 21.
b4 Qa3 22. bxc5 Qxd3 23. Rad1 Qxc4 24. Ne7+ 1-0

[Event "Open Marianske Lazne 2018 - D"]
[Site "Marianske Lazne (CZE)"]
[Date "2018.01.23"]
[Round "4"]
[White "Muecke, Michael"]
[Black "Jeute, Peter"]
[Result "0-1"]
[WhiteElo "1730"]
[BlackElo "1946"]
[PlyCount "60"]
[EventDate "2018.01.20"]

1. d4 d5 2. e4 dxe4 3. Nc3 Nf6 4. Bg5 Nbd7 5. Qe2 c6 6. O-O-O Qa5 7. Bh4 e6 8.
Kb1 Ba3 9. Qc4 Bb4 10. Nge2 Nb6 11. Qb3 Nbd5 12. a3 Nxc3+ 13. Nxc3 Bxc3 14.
bxc3 Qh5 15. Bc4 Qxh4 16. g3 Qh3 17. Rhe1 O-O 18. Be2 Qf5 19. c4 Bd7 20. f3 Qa5
21. g4 Qb6 22. g5 Qxb3+ 23. cxb3 exf3 24. Bd3 Nh5 25. Re4 g6 26. Rf1 c5 27.
Rxf3 Bc6 28. d5 exd5 29. Rh4 dxc4 30. Rxh5 Bxf3 0-1

[Event "Open Marianske Lazne 2018 - D"]
[Site "Marianske Lazne (CZE)"]
[Date "2018.01.23"]
[Round "4"]
[White "Baraniuk, Andrej"]
[Black "Svec, Ludek"]
[Result "1-0"]
[WhiteElo "1522"]
[BlackElo "1666"]
[PlyCount "149"]
[EventDate "2018.01.20"]

1. c4 e6 2. g3 Nf6 3. Bg2 d5 4. Nf3 Bd6 5. O-O O-O 6. d4 c6 7. Qc2 Na6 8. a3
dxc4 9. Qxc4 Qe7 10. Nc3 Nd7 11. e4 Nb6 12. Qe2 f6 13. Rd1 e5 14. h3 exd4 15.
Nxd4 Bc7 16. Be3 Be6 17. f4 Rad8 18. Nxe6 Qxe6 19. Rxd8 Rxd8 20. Rd1 Rxd1+ 21.
Nxd1 Qb3 22. Bf1 Kf8 23. Qd3 Qxd3 24. Bxd3 h6 25. Kf2 Ke7 26. f5 Bb8 27. Kf3
Nd7 28. Bxa6 bxa6 29. g4 Ne5+ 30. Ke2 Nc4 31. Bd4 Kd6 32. Kd3 Nb6 33. b4 Nd7
34. Nf2 a5 35. Ke3 axb4 36. axb4 c5 37. bxc5+ Nxc5 38. Nd3 Nxd3 39. Kxd3 Kc6
40. Kc4 a5 41. Bc3 Bc7 42. h4 Bg3 43. Bxa5 Bxh4 44. Bd8 Kd6 45. Kd3 Be1 46. Bb6
Bb4 47. Bf2 Ba5 48. Bg3+ Kc6 49. Kc4 Bb6 50. e5 Be3 51. e6 Bc5 52. Be1 Be7 53.
Bf2 Ba3 54. Ba7 Be7 55. Bd4 Bf8 56. Bc3 Be7 57. Bb4 Bxb4 58. Kxb4 Kd6 59. Kb5
g6 60. Kc4 g5 61. Kd4 Kc6 62. Kc4 Kd6 63. Kb5 h5 64. gxh5 g4 65. h6 g3 66. h7
g2 67. h8=Q g1=Q 68. Qb8+ Kd5 69. Qd8+ Ke5 70. e7 Qf1+ 71. Kb6 Qf2+ 72. Kb7
Qf3+ 73. Kc7 Qc3+ 74. Kd7 Qd2+ 75. Ke8 1-0

[Event "Open Marianske Lazne 2018 - A + B"]
[Site "?"]
[Date "2018.01.22"]
[Round "3"]
[White "Yurtseven, Melih"]
[Black "Kulkarni, Bhakti"]
[Result "1-0"]
[WhiteElo "2404"]
[BlackElo "2306"]
[PlyCount "59"]
[EventDate "2018.??.??"]

1. Nf3 Nf6 2. c4 g6 3. Nc3 Bg7 4. e4 d6 5. d4 O-O 6. Be2 c5 7. d5 a6 8. a4 e5
9. h3 Nh5 10. Nd2 Nf4 11. Bf1 a5 12. g3 Nh5 13. Be2 Nf6 14. Nf1 Ne8 15. g4 f5
16. exf5 gxf5 17. Ng3 e4 18. gxf5 Bxf5 19. Nxf5 Rxf5 20. Rg1 Nd7 21. Nxe4 Ne5
22. Ng3 Rf7 23. Be3 Ng6 24. Qc2 Kh8 25. O-O-O Nf4 26. Bg4 Be5 27. Be6 Rg7 28.
Nf5 Rxg1 29. Rxg1 Nxe6 30. Nh6 1-0

[Event "Open Marianske Lazne 2018 - A + B"]
[Site "?"]
[Date "2018.01.22"]
[Round "3"]
[White "Plat, Vojtech"]
[Black "Chekletsov, Ilya"]
[Result "1/2-1/2"]
[WhiteElo "2569"]
[BlackElo "2373"]
[PlyCount "75"]
[EventDate "2018.??.??"]

1. e4 c5 2. Nf3 d6 3. c3 Nf6 4. Bc4 e6 5. Qe2 Be7 6. d3 O-O 7. Bg5 Nc6 8. Nbd2
b6 9. h4 Bb7 10. Bb3 Ba6 11. Rh3 Kh8 12. Bxf6 Bxf6 13. g4 Ne5 14. Nxe5 Bxe5 15.
Qe3 d5 16. Nf3 d4 17. cxd4 Bxd4 18. Nxd4 cxd4 19. Qd2 f5 20. gxf5 exf5 21. Qg5
Bb7 22. Qxd8 Raxd8 23. f3 g6 24. Rc1 Rc8 25. Rxc8 Bxc8 26. Rg3 Kg7 27. h5 Bb7
28. Ke2 Kf6 29. hxg6 hxg6 30. Rh3 Kg7 31. Rh1 g5 32. Be6 Bc8 33. exf5 Bxe6 34.
fxe6 Re8 35. Rg1 Rxe6+ 36. Kd2 Kf6 37. Rg4 Rd6 38. f4 1/2-1/2

[Event "Open Marianske Lazne 2018 - A + B"]
[Site "?"]
[Date "2018.01.22"]
[Round "3"]
[White "Liu, Yi"]
[Black "Pacher, Milan"]
[Result "1-0"]
[WhiteElo "2337"]
[BlackElo "2444"]
[PlyCount "51"]
[EventDate "2018.??.??"]

1. d4 d5 2. Bf4 Nf6 3. Nf3 c5 4. e3 Nc6 5. Nbd2 e6 6. c3 Bd6 7. Bg3 O-O 8. Bd3
b6 9. Qe2 Bb7 10. Rd1 Rc8 11. e4 Be7 12. dxc5 bxc5 13. O-O c4 14. Bb1 Qb6 15.
exd5 exd5 16. Ne5 Rfe8 17. Ndf3 Bd6 18. Rfe1 Nxe5 19. Bxe5 Nd7 20. Qc2 Bxe5 21.
Qxh7+ Kf8 22. Bf5 Re6 23. Bxe6 Qxe6 24. Nxe5 Nxe5 25. Qh8+ Ke7 26. Qh5 1-0

[Event "Open Marianske Lazne 2018 - A + B"]
[Site "?"]
[Date "2018.01.22"]
[Round "3"]
[White "Popov, Mikhail"]
[Black "Chernyshov, Konstantin"]
[Result "0-1"]
[WhiteElo "2416"]
[BlackElo "2480"]
[PlyCount "52"]
[EventDate "2018.??.??"]

1. d4 Nf6 2. Bg5 c5 3. Bxf6 gxf6 4. d5 Qb6 5. Qc1 f5 6. c4 Bg7 7. Nc3 d6 8. e3
Nd7 9. Nge2 Nf6 10. Ng3 Ne4 11. Bd3 Nxc3 12. bxc3 Qa5 13. Kd2 e6 14. Nh5 Rg8
15. dxe6 fxe6 16. g4 Be5 17. Qc2 Rxg4 18. Rag1 Bd7 19. f4 Bh8 20. Rxg4 fxg4 21.
Rg1 O-O-O 22. Rxg4 d5 23. cxd5 Ba4 24. Qb2 c4 25. f5 Qxd5 26. Nf4 Qf3 0-1

[Event "Open Marianske Lazne 2018 - A + B"]
[Site "?"]
[Date "2018.01.22"]
[Round "3"]
[White "Lizak, Peter"]
[Black "Miesbauer, Jan"]
[Result "1-0"]
[WhiteElo "2458"]
[BlackElo "2276"]
[PlyCount "97"]
[EventDate "2018.??.??"]

1. c4 Nf6 2. Nc3 g6 3. g3 d5 4. cxd5 Nxd5 5. Bg2 Nb6 6. d3 Nc6 7. Be3 Bg7 8.
Nf3 e5 9. Qd2 Nd4 10. O-O h6 11. Rac1 c6 12. Rfe1 Bg4 13. Ne4 Nd5 14. Nxd4 exd4
15. Bf4 O-O 16. Bxh6 Qe7 17. Bxg7 Kxg7 18. Qg5 Qxg5 19. Nxg5 Rad8 20. Bf3 Bxf3
21. Nxf3 Nc7 22. Rc4 Ne6 23. b4 Rd5 24. Kg2 Ra8 25. a4 Kf6 26. Nd2 Rh8 27. Ne4+
Ke7 28. h4 Rhd8 29. Rb1 f5 30. Nc5 Nxc5 31. bxc5 Rb8 32. Rcb4 Rd7 33. a5 a6 34.
Rb6 Rc7 35. Rxa6 Rd8 36. Ra7 Rdd7 37. Ra8 Ke6 38. Kf3 Kd5 39. Rc1 Re7 40. Rc4
Rcd7 41. Rg8 Rg7 42. Ra8 Rge7 43. Rc2 Ke5 44. a6 bxa6 45. Rxa6 Re6 46. Ra8 Rb7
47. Rd8 Rb4 48. Rc4 Rxc4 49. dxc4 1-0

[Event "Open Marianske Lazne 2018 - A + B"]
[Site "?"]
[Date "2018.01.22"]
[Round "3"]
[White "Neuman, Petr"]
[Black "Obolentseva, Alexandra"]
[Result "1/2-1/2"]
[WhiteElo "2452"]
[BlackElo "2315"]
[PlyCount "44"]
[EventDate "2018.??.??"]

1. e4 c5 2. Nf3 d6 3. d4 cxd4 4. Qxd4 Nc6 5. Bb5 Bd7 6. Bxc6 Bxc6 7. Nc3 Nf6 8.
Bg5 e6 9. O-O-O Be7 10. Qd3 Qa5 11. h4 h6 12. Bd2 Qa6 13. Nd4 Qxd3 14. cxd3 d5
15. f3 Bc5 16. Nxc6 bxc6 17. Kb1 Nd7 18. Na4 Bd4 19. Bc3 Bxc3 20. Nxc3 Nb6 21.
Rc1 Kd7 22. Ne2 Rhc8 1/2-1/2

[Event "Open Marianske Lazne 2018 - A + B"]
[Site "?"]
[Date "2018.01.22"]
[Round "3"]
[White "Stocek, Jiri"]
[Black "Srinath, Rao S V"]
[Result "1-0"]
[WhiteElo "2566"]
[BlackElo "2270"]
[PlyCount "117"]
[EventDate "2018.??.??"]

1. c4 e5 2. Nc3 Bb4 3. Nd5 a5 4. e3 Nf6 5. a3 Be7 6. d4 exd4 7. exd4 O-O 8. Bd3
Nxd5 9. cxd5 c6 10. Ne2 d6 11. Nc3 Nd7 12. O-O c5 13. dxc5 Nxc5 14. Bc2 Bf6 15.
Bf4 Re8 16. Re1 Rxe1+ 17. Qxe1 Bg4 18. Qe3 Qd7 19. Re1 g6 20. h3 Bf5 21. Bxf5
Qxf5 22. Bxd6 Nd7 23. Bg3 Bxc3 24. Qxc3 Qxd5 25. Re7 Nc5 26. Re5 Qd1+ 27. Re1
Qd5 28. Re5 Qd1+ 29. Kh2 b6 30. Qe3 Qd7 31. Re7 Qc6 32. Be5 Nd7 33. Bc3 Qd6+
34. g3 Rc8 35. Re4 Nf6 36. Rd4 Qe6 37. Qd2 Ne8 38. Qh6 Nf6 39. Rf4 Nh5 40. Rf3
Qd5 41. Re3 Qf5 42. Re2 Qf3 43. Qd2 Nf6 44. Re3 Qf5 45. Qe2 Nd7 46. Rf3 Qd5 47.
Rd3 Qf5 48. Qe3 Nc5 49. Rd4 Ne6 50. Rd6 b5 51. Bxa5 Rc2 52. Rd2 Rc1 53. Bc3 Kf8
54. Qd3 Qxd3 55. Rxd3 Nc5 56. Rd8+ Ke7 57. Rd5 Na4 58. Bd4 Rd1 59. Bc5+ 1-0

[Event "Open Marianske Lazne 2018 - A + B"]
[Site "?"]
[Date "2018.01.22"]
[Round "3"]
[White "Stefansson, Hannes"]
[Black "Yeritsyan, Aram"]
[Result "1-0"]
[WhiteElo "2523"]
[BlackElo "2309"]
[PlyCount "59"]
[EventDate "2018.??.??"]

1. d4 Nf6 2. c4 e6 3. Nc3 Bb4 4. Nf3 b6 5. Bg5 Bb7 6. Nd2 h6 7. Bh4 Nc6 8. e3
Bxc3 9. bxc3 Qe7 10. Be2 g5 11. Bg3 d6 12. Qa4 O-O-O 13. c5 dxc5 14. O-O Nd5
15. Rfc1 f5 16. Bb5 f4 17. Bxc6 fxg3 18. hxg3 h5 19. Ne4 h4 20. Rab1 hxg3 21.
Bxb7+ Kb8 22. Bxd5 gxf2+ 23. Kxf2 exd5 24. Nxc5 Rde8 25. Nd7+ Kc8 26. Ne5 Ref8+
27. Ke2 Qh7 28. Qc6 Qh5+ 29. Kd3 Qh7+ 30. Qg6 1-0

[Event "Open Marianske Lazne 2018 - A + B"]
[Site "?"]
[Date "2018.01.22"]
[Round "3"]
[White "Low, Zhen Yu Cyrus"]
[Black "Janik, Igor"]
[Result "0-1"]
[WhiteElo "2437"]
[BlackElo "2411"]
[PlyCount "80"]
[EventDate "2018.??.??"]

1. e4 c6 2. d4 d5 3. f3 Qb6 4. Nc3 e6 5. a3 Nf6 6. e5 Nfd7 7. Be3 Nxe5 8. Qd2
Ng6 9. O-O-O Be7 10. Bd3 Nd7 11. h4 c5 12. h5 cxd4 13. Bxd4 Qxd4 14. hxg6 h6
15. gxf7+ Kf8 16. f4 Nc5 17. Bg6 Qf6 18. f5 exf5 19. Nxd5 Qxg6 20. Nxe7 Kxe7
21. Nf3 Qc6 22. Qc3 Ne6 23. Qd3 Qe4 24. Qd6+ Kxf7 25. Ng5+ Nxg5 26. Rhe1 Re8
27. Rxe4 fxe4 28. Qd5+ Kg6 29. Qb5 Bg4 30. Rd6+ Kh7 31. Qb4 Rad8 32. Rxd8 Rxd8
33. b3 Bh5 34. Qc5 b6 35. Qe3 Bg6 36. a4 Rd5 37. b4 Nf7 38. Kb2 Ne5 39. Kb3 Ng4
40. Qe2 h5 0-1

[Event "Open Marianske Lazne 2018 - A + B"]
[Site "?"]
[Date "2018.01.22"]
[Round "3"]
[White "Sari, Yasin"]
[Black "Nguyen, Thai Dai Van"]
[Result "0-1"]
[WhiteElo "2309"]
[BlackElo "2510"]
[PlyCount "96"]
[EventDate "2018.??.??"]

1. d4 Nf6 2. c4 e6 3. Nf3 d5 4. Nc3 Be7 5. cxd5 exd5 6. Bf4 c6 7. e3 Nh5 8. Bd3
Nxf4 9. exf4 Bd6 10. Ne5 g6 11. Qc2 O-O 12. h4 Qf6 13. g3 h5 14. O-O-O Na6 15.
a3 Nc7 16. Rhe1 Ne6 17. Bf1 Ng7 18. Bd3 Be6 19. Na4 b6 20. Ba6 Bf5 21. Qb3 Rab8
22. Bd3 Be6 23. Nc3 Rfc8 24. Kb1 b5 25. Re2 Nf5 26. Bxf5 Bxf5+ 27. Ka1 b4 28.
axb4 Bxb4 29. Na4 Rb5 30. Qa2 Ra5 31. Rc1 c5 32. dxc5 Qa6 33. b3 Bxc5 34. Nxc5
Rxa2+ 35. Rxa2 Qb5 36. Ned3 Rb8 37. Nb2 d4 38. Nba4 d3 39. Rd1 Rc8 40. Rc1 Qb4
41. Nxd3 Rxc1+ 42. Nxc1 Qe1 43. Rb2 Qxc1+ 44. Ka2 Bd3 45. Ka3 a5 46. Ka2 Bb5
47. Ka3 Qa1+ 48. Ra2 Qd4 0-1